[Event "2014 US Junior Closed Championship"]
[Site "Saint Louis"]
[Date "2014.06.24"]
[Round "5.5"]
[White "Troff, Kayden (USA)"]
[Black "Bodek, Michael (USA)"]
[Result "0-1"]
[WhiteElo "2573"]
[BlackElo "2486"]
[PlyCount "102"]
[EventDate "2014.??.??"]

1. d4 Nf6 2. c4 e6 3. g3 d5 4. Nf3 Nc6 5. Bg2 dxc4 6. Qa4 Bb4+ 7. Bd2 Bd6 8.
Bc3 O-O 9. Qxc4 Qe7 10. Ne5 Bxe5 11. dxe5 Nd5 12. O-O Rd8 13. a3 a5 14. b3 Bd7
15. Bb2 Qg5 16. h4 Qh5 17. e4 Nb6 18. Qc3 Be8 19. Bf3 Qg6 20. Nd2 Nd7 21. Be2
Ndxe5 22. h5 Nd4 23. Qxd4 Rxd4 24. hxg6 Rxd2 25. Bxe5 Rxe2 26. gxf7+ Kxf7 27.
Bxc7 Rxe4 28. Rac1 Bc6 29. Rc5 a4 30. b4 Rh8 31. Be5 Kg6 32. Bc3 h5 33. f4 Kh6
34. Kf2 Rd8 35. b5 Rd5 36. Rxd5 Bxd5 37. Rd1 Rc4 38. Bb4 Kg6 39. Ke3 Kf5 40.
Rd4 Rc1 41. Be7 Rc3+ 42. Rd3 Rxd3+ 43. Kxd3 Kg4 44. Bh4 e5 45. f5 Kf3 46. Kd2
e4 47. Ke1 Bf7 48. Kd2 Bc4 49. b6 e3+ 50. Ke1 Kg4 51. Be7 Kxf5 0-1

[Event "2014 US Junior Closed Championship"]
[Site "Saint Louis"]
[Date "2014.06.27"]
[Round "6.1"]
[White "Ostrovskiy, Aleksandr (USA)"]
[Black "Bodek, Michael (USA)"]
[Result "1/2-1/2"]
[WhiteElo "2521"]
[BlackElo "2486"]
[PlyCount "118"]
[EventDate "2014.??.??"]

1. d4 Nf6 2. Bg5 g6 3. Bxf6 exf6 4. e3 Bg7 5. g3 O-O 6. Bg2 Re8 7. Ne2 d6 8.
O-O f5 9. c4 Nd7 10. Nbc3 Nf6 11. Qd3 h5 12. b4 h4 13. b5 hxg3 14. hxg3 Bh6 15.
a4 Rb8 16. a5 Kg7 17. a6 bxa6 18. bxa6 Ng4 19. Bf3 Rb2 20. Nd1 Rb6 21. Nec3
Rxa6 22. Rxa6 Bxa6 23. Nd5 Bb7 24. Qa3 Bxd5 25. cxd5 Qb8 26. Nc3 Nxe3 27. fxe3
Rxe3 28. Kg2 Qe8 29. Qa1 g5 30. Nd1 Re1 31. Rxe1 Qxe1 32. Qc3 Qxc3 33. Nxc3 g4
34. Bd1 Be3 35. Nb5 Kf6 36. Kf1 Kg5 37. Ke2 f4 38. Nxa7 Bxd4 39. gxf4+ Kxf4 40.
Nb5 Bb6 41. Kf1 f5 42. Nc3 Ke3 43. Ne2 f4 44. Ng1 Ke4 45. Bxg4 Kxd5 46. Nf3 c5
47. Ke2 c4 48. Bf5 Kc5 49. Ne1 Kd4 50. Nf3+ Kd5 51. Bh7 Be3 52. Bg6 Kc5 53. Ne1
d5 54. Bh7 d4 55. Bg6 Kb4 56. Nd3+ Kc3 57. Ne5 d3+ 58. Nxd3 cxd3+ 59. Bxd3 Kd4
1/2-1/2

[Event "2014 US Junior Closed Championship"]
[Site "Saint Louis"]
[Date "2014.06.27"]
[Round "6.2"]
[White "Harmon-Vellotti, Luke (USA)"]
[Black "Troff, Kayden (USA)"]
[Result "0-1"]
[WhiteElo "2515"]
[BlackElo "2573"]
[PlyCount "46"]
[EventDate "2014.??.??"]

1. e4 c5 2. b3 Nc6 3. Bb2 a6 4. Nf3 d6 5. d4 cxd4 6. Nxd4 e5 7. Nxc6 bxc6 8.
Bd3 Nf6 9. O-O g5 10. Nd2 Bg4 11. f3 Be6 12. Kh1 h5 13. g3 g4 14. Qe1 h4 15.
gxh4 Bh6 16. Bc4 Bxd2 17. Qxd2 Bxc4 18. bxc4 gxf3 19. Rae1 Rxh4 20. Rxf3 Nxe4
21. Qe3 Qd7 22. Ref1 O-O-O 23. Rxf7 Rxh2+ 0-1

[Event "2014 US Junior Closed Championship"]
[Site "Saint Louis"]
[Date "2014.06.27"]
[Round "6.3"]
[White "Xiong, Jeffery (USA)"]
[Black "Williams, Justus (USA)"]
[Result "1-0"]
[WhiteElo "2513"]
[BlackElo "2366"]
[PlyCount "80"]
[EventDate "2014.??.??"]

1. e4 c5 2. Nf3 e6 3. c3 d5 4. exd5 Qxd5 5. d4 Nf6 6. Na3 Nc6 7. Nb5 Qd8 8.
dxc5 Bxc5 9. Qxd8+ Kxd8 10. Bf4 Ne4 11. Nbd4 Nxd4 12. Nxd4 Ke7 13. Bd3 Bxd4 14.
Bxe4 Bc5 15. Rd1 a5 16. Rd2 Ra7 17. O-O b6 18. a3 Rd7 19. Rfd1 Rhd8 20. b4 Rxd2
21. Rxd2 Rxd2 22. Bg5+ Ke8 23. Bxd2 axb4 24. cxb4 Bd4 25. a4 f5 26. Bd3 Ke7 27.
Be3 Bxe3 28. fxe3 Bb7 29. Kf2 Bc6 30. a5 bxa5 31. bxa5 Kd6 32. g4 g6 33. Kg3 h6
34. a6 Bd7 35. gxf5 gxf5 36. a7 Bc6 37. Be2 Kc7 38. Bf3 Bxf3 39. Kxf3 Kb7 40.
Kf4 Kxa7 {Ke4} 1-0

[Event "2014 US Junior Closed Championship"]
[Site "Saint Louis"]
[Date "2014.06.27"]
[Round "6.4"]
[White "Colas, Joshua (USA)"]
[Black "Sevian, Sam (USA)"]
[Result "0-1"]
[WhiteElo "2426"]
[BlackElo "2545"]
[PlyCount "66"]
[EventDate "2014.??.??"]

1. e4 d6 2. d4 Nf6 3. Nc3 Nbd7 4. Be3 e5 5. f3 c6 6. a4 Be7 7. Bc4 d5 8. exd5
Nb6 9. Qe2 Nfxd5 10. Nxd5 Nxd5 11. dxe5 Bb4+ 12. Kf1 Be6 13. Bd3 O-O 14. g3 f6
15. Bf2 fxe5 16. Qxe5 Qd7 17. Kg2 Rae8 18. Qh5 Bf5 19. Rd1 Re5 20. Qh4 Qf7 21.
Bxf5 Rxf5 22. Rd3 Ba5 23. Rb3 Bb6 24. Bxb6 axb6 25. c4 Nb4 26. Re3 Re8 27. Re4
Nc2 28. g4 Rxe4 29. fxe4 Ne3+ 30. Kh3 Rf6 31. Qe1 Nxg4 32. Kxg4 Rg6+ 33. Kh3
Qe6+ 0-1

[Event "2014 US Junior Closed Championship"]
[Site "Saint Louis"]
[Date "2014.06.27"]
[Round "6.5"]
[White "Larson, Matt (USA)"]
[Black "Shen, Arthur (USA)"]
[Result "0-1"]
[WhiteElo "2215"]
[BlackElo "2458"]
[PlyCount "108"]
[EventDate "2014.??.??"]

1. d4 Nf6 2. c4 g6 3. f3 Nc6 4. d5 Ne5 5. e4 d6 6. Nc3 Bg7 7. f4 Ned7 8. Nh3
O-O 9. Nf2 e6 10. Be2 Nb6 11. Be3 exd5 12. cxd5 c6 13. dxc6 bxc6 14. Qd2 d5 15.
e5 Nfd7 16. O-O Re8 17. Ng4 h5 18. Nf2 Bb7 19. Nh3 Qe7 20. Bf2 c5 21. Rae1 a6
22. Bd3 Nf8 23. Ng5 Qc7 24. Bg3 Rad8 25. e6 f5 26. Qc2 d4 27. Bxf5 dxc3 28.
Bxg6 Rd2 29. Bh7+ Kh8 30. Nf7+ Qxf7 31. exf7 Rxe1 32. Rxe1 Rxc2 33. Bxc2 cxb2
34. Re8 Bd5 35. Bh4 Bxf7 36. Rb8 Nbd7 37. Ra8 Bxa2 38. Rxa6 b1=Q+ 39. Bxb1 Bxb1
40. Rc6 Bd3 41. Kf2 Kg8 42. h3 Bd4+ 43. Kf3 Ng6 44. Rc8+ Kf7 45. Be1 h4 46. g3
hxg3 47. Bxg3 Nf6 48. Be1 Ke6 49. h4 Kf5 50. Bc3 Be4+ 51. Ke2 Bxc3 52. Rxc5+
Nd5 53. Rc8 Ngxf4+ 54. Kf2 Bd4+ 0-1

[Event "2014 US Junior Closed Championship"]
[Site "Saint Louis"]
[Date "2014.06.27"]
[Round "7.1"]
[White "Shen, Arthur (USA)"]
[Black "Ostrovskiy, Aleksandr (USA)"]
[Result "0-1"]
[WhiteElo "2458"]
[BlackElo "2521"]
[PlyCount "212"]
[EventDate "2014.??.??"]

1. e4 e6 2. d4 d5 3. Nd2 Nf6 4. e5 Nfd7 5. Bd3 c5 6. c3 Nc6 7. Ne2 cxd4 8. cxd4
f6 9. exf6 Nxf6 10. O-O Bd6 11. Nf3 O-O 12. Bf4 Nh5 13. Bxd6 Qxd6 14. Re1 a6
15. Qd2 Rxf3 16. gxf3 Bd7 17. Qg5 g6 18. Kh1 Rf8 19. Rg1 Nf4 20. Qg3 Qb8 21.
Rad1 Nb4 22. Nxf4 Qxf4 23. Qxf4 Rxf4 24. Bb1 Rxf3 25. Kg2 Rf4 26. Kg3 Rf8 27.
f3 Nc6 28. Kf2 Kf7 29. Ke3 Ke7 30. Rg3 Kd6 31. h4 Be8 32. h5 gxh5 33. Rg7 e5
34. Rxb7 Nxd4 35. Rf1 Bb5 36. Rf2 Ne6 37. Rxh7 Nf4 38. Rh6+ Kd7 39. b3 Bc6 40.
Rf1 d4+ 41. Kf2 d3 42. Ke3 Ng2+ 43. Kd2 e4 44. Rxc6 e3+ 45. Kxd3 Kxc6 46. Ke2
Rd8 47. Bd3 Nf4+ 48. Kxe3 Nxd3 49. Rd1 h4 50. Rh1 Nb4 51. Rxh4 Nc2+ 52. Ke2
Nd4+ 53. Kf2 Nf5 54. Rh5 Rd2+ 55. Ke1 Rd5 56. Rh2 Kc5 57. Rc2+ Kb5 58. Kf2 Rd4
59. Ke2 Rh4 60. Kd3 Rd4+ 61. Ke2 Rd6 62. Rc4 Re6+ 63. Kd2 Rd6+ 64. Kc3 Ne3 65.
Rb4+ Kc5 66. Rb8 Nd5+ 67. Kb2 Rf6 68. Rc8+ Kb6 69. Rd8 Kc6 70. Rc8+ Nc7 71. Rh8
Rxf3 72. Rh6+ Kb7 73. a4 Nd5 74. Ka3 Re3 75. Rh7+ Ne7 76. Kb4 Kb6 77. a5+ Kc6
78. Rh6+ Kb7 79. Rh7 Re6 80. Ka4 Kc6 81. Rh8 Nd5 82. b4 Nc7 83. Rb8 Re3 84.
Rb6+ Kd7 85. Rb7 Rc3 86. Rb8 Rh3 87. Rb6 Re3 88. Rb7 Re6 89. Rb6 Rc6 90. Rb7
Rc1 91. Rb6 Rc3 92. Rb7 Kc8 93. Rb6 Re3 94. Rc6 Kd7 95. Rb6 Rc3 96. Rb7 Kd6 97.
Rb6+ Kd5 98. Rh6 Kd4 99. Rh4+ Kd3 100. Rh3+ Kc2 101. Rh2+ Kb1 102. Rh1+ Kb2
103. Rh2+ Rc2 104. Rh5 Nb5 105. Rxb5 Rc3 106. Rc5 Ra3# 0-1

[Event "2014 US Junior Closed Championship"]
[Site "Saint Louis"]
[Date "2014.06.27"]
[Round "7.2"]
[White "Sevian, Sam (USA)"]
[Black "Larson, Matt (USA)"]
[Result "1/2-1/2"]
[WhiteElo "2545"]
[BlackElo "2215"]
[PlyCount "141"]
[EventDate "2014.??.??"]

1. e4 c5 2. Nf3 d6 3. Bb5+ Nd7 4. c3 Ngf6 5. Qe2 a6 6. Ba4 b5 7. Bc2 Bb7 8. d4
e5 9. O-O Be7 10. Rd1 Qb8 11. Nbd2 O-O 12. Nf1 Re8 13. dxe5 dxe5 14. Ng3 Qc7
15. Nf5 Bf8 16. N3h4 c4 17. f3 Rad8 18. g3 Nc5 19. Bg5 Qb6 20. Kf1 Rxd1+ 21.
Rxd1 Rd8 22. Ng2 h6 23. Bc1 Qc7 24. Be3 a5 25. Rxd8 Qxd8 26. Qd2 Qc7 27. g4 Ba6
28. g5 hxg5 29. Bxg5 Nh7 30. Bd8 Qa7 31. Bxa5 Bc8 32. Qd8 Bxf5 33. exf5 Nb7 34.
Qb6 Qxa5 35. Qxb7 Qxa2 36. Qxb5 Ba3 37. bxa3 Qxc2 38. Qe8+ Nf8 39. Qxe5 Qc1+
40. Kf2 Qd2+ 41. Kg3 Qg5+ 42. Kh3 Qh5+ 43. Kg3 Qg5+ 44. Kf2 Qd2+ 45. Kg1 Qc1+
46. Ne1 Qxa3 47. Kf2 Qa7+ 48. Ke2 Nh7 49. Qe8+ Nf8 50. Qe4 Qc7 51. h4 g6 52.
Ng2 gxf5 53. Qxf5 Ne6 54. Qe4 Qh2 55. Kf2 Qc7 56. Kf1 Kf8 57. f4 Kg8 58. Kf2
Qb6+ 59. Kg3 Qb3 60. Qe3 Ng7 61. Kh2 Qc2 62. Qg3 Kf8 63. Qg5 Qxc3 64. Qd8+ Ne8
65. h5 Qh8 66. Qg5 c3 67. h6 c2 68. Qc5+ Kg8 69. Qxc2 Qxh6+ 70. Kg1 Qb6+ 71.
Kh2 1/2-1/2

[Event "2014 US Junior Closed Championship"]
[Site "Saint Louis"]
[Date "2014.06.27"]
[Round "7.3"]
[White "Williams, Justus (USA)"]
[Black "Colas, Joshua (USA)"]
[Result "1-0"]
[WhiteElo "2366"]
[BlackElo "2426"]
[PlyCount "77"]
[EventDate "2014.??.??"]

1. d4 d5 2. c4 c6 3. Nf3 Nf6 4. g3 g6 5. Bg2 Bg7 6. O-O O-O 7. Qb3 Nbd7 8. Nc3
e6 9. Bf4 Re8 10. Rfe1 Nh5 11. Bg5 f6 12. Bd2 f5 13. cxd5 exd5 14. e4 fxe4 15.
Nxe4 Nb6 16. Nc5 Bg4 17. Rxe8+ Qxe8 18. Re1 Qf8 19. Nxb7 Bxf3 20. Bxf3 Rb8 21.
Bb4 Qf6 22. Na5 Bf8 23. Bd2 Nd7 24. Qd3 Rxb2 25. Nb3 Rxa2 26. Bg4 Nb6 27. Re6
Qg7 28. Bxh5 gxh5 29. Re5 Rxd2 30. Nxd2 Nd7 31. Re8 Qf7 32. Qe2 a5 33. Ra8 Qf6
34. Rxa5 Nb6 35. Ra6 Nc8 36. Nf3 Ne7 37. Ne5 Nf5 38. Qf3 Qg5 39. Rxc6 1-0

[Event "2014 US Junior Closed Championship"]
[Site "Saint Louis"]
[Date "2014.06.27"]
[Round "7.4"]
[White "Troff, Kayden (USA)"]
[Black "Xiong, Jeffery (USA)"]
[Result "1-0"]
[WhiteElo "2573"]
[BlackElo "2513"]
[PlyCount "91"]
[EventDate "2014.??.??"]

1. d4 Nf6 2. c4 e6 3. g3 d5 4. Nf3 Bb4+ 5. Nbd2 dxc4 6. Qc2 b5 7. a4 c6 8. Bg2
a5 9. O-O O-O 10. Ne4 Nxe4 11. Qxe4 Be7 12. axb5 f5 13. Qe5 Kh8 14. bxc6 Nxc6
15. Qb5 Ra6 16. Qxc4 Rb6 17. Be3 Ba6 18. Qc1 Bxe2 19. d5 Bxf3 20. Bxb6 Qxd5 21.
Bxf3 Qxf3 22. Bc5 f4 23. Bxe7 Nxe7 24. Qc5 Ng6 25. Rxa5 h6 26. Qa3 Qe4 27. Qc3
fxg3 28. fxg3 Rxf1+ 29. Kxf1 Qh1+ 30. Ke2 Qxh2+ 31. Kd1 e5 32. Kc1 Qg1+ 33. Kc2
e4 34. Ra8+ Kh7 35. Qc4 Qg2+ 36. Kb1 h5 37. Qd5 Qh1+ 38. Ka2 Ne7 39. Qe5 Ng6
40. Qf5 Qf3 41. Ra5 Qxf5 42. Rxf5 Kh6 43. Kb3 h4 44. g4 Ne7 45. Rh5+ Kg6 46.
Kc4 1-0

[Event "2014 US Junior Closed Championship"]
[Site "Saint Louis"]
[Date "2014.06.27"]
[Round "7.5"]
[White "Bodek, Michael (USA)"]
[Black "Harmon-Vellotti, Luke (USA)"]
[Result "1-0"]
[WhiteElo "2486"]
[BlackElo "2515"]
[PlyCount "159"]
[EventDate "2014.??.??"]

1. e4 e6 2. d4 d5 3. exd5 exd5 4. Nf3 Bd6 5. c4 Nf6 6. Nc3 O-O 7. cxd5 Nbd7 8.
Bc4 Nb6 9. Bb3 Re8+ 10. Be3 Bg4 11. h3 Bh5 12. O-O Qd7 13. Bg5 Ne4 14. Nxe4
Rxe4 15. Qd3 Bg6 16. Qd2 f6 17. Be3 Rae8 18. Rac1 Bf7 19. Qa5 a6 20. Rc3 Kh8
21. Kh1 R4e7 22. a4 Qf5 23. Rcc1 Nxd5 24. Bd2 c6 25. Rfe1 Qc8 26. Rxe7 Bxe7 27.
Re1 Bd6 28. Rxe8+ Qxe8 29. Be1 h6 30. Qd2 Bh5 31. Bxd5 cxd5 32. b3 Qe4 33. Qe3
Qb1 34. Nd2 Qd1 35. g4 Bg6 36. Kg2 Bc2 37. Nf1 Bxb3 38. Qe6 Bc2 39. Ne3 Qxe1
40. Qc8+ Kh7 41. Qxc2+ Kh8 42. Qc8+ Kh7 43. Qf5+ Kh8 44. Qc8+ Kh7 45. Qxb7 Bf4
46. Qxd5 Bxe3 47. Qe4+ f5 48. Qxe3 Qa5 49. Qb3 h5 50. g5 Qd8 51. Qe3 h4 52. Qf4
Kg6 53. Qxh4 Qa5 54. Qf4 Qxa4 55. h4 Qc6+ 56. Kg3 Qc3+ 57. Kg2 Qd3 58. Qe5 a5
59. f3 a4 60. Qe8+ Kh7 61. Qh5+ Kg8 62. Qe8+ Kh7 63. Qxa4 Qe2+ 64. Kg3 Kg6 65.
Qc6+ Kh5 66. Kf4 g6 67. d5 Qh2+ 68. Ke3 Kxh4 69. d6 Qg1+ 70. Kd3 Qd1+ 71. Kc4
Kxg5 72. d7 Qc2+ 73. Kb5 Qb3+ 74. Ka6 Qb8 75. Qd5 Qd8 76. Kb7 Kf6 77. Qd6+ Kf7
78. f4 g5 79. fxg5 f4 80. Qf6+ 1-0

[Event "2014 US Junior Closed Championship"]
[Site "Saint Louis"]
[Date "2014.06.28"]
[Round "8.1"]
[White "Ostrovskiy, Aleksandr (USA)"]
[Black "Harmon-Vellotti, Luke (USA)"]
[Result "1/2-1/2"]
[WhiteElo "2521"]
[BlackElo "2515"]
[PlyCount "105"]
[EventDate "2014.??.??"]

1. d4 Nf6 2. Bg5 Ne4 3. Bf4 c5 4. d5 Qb6 5. Nd2 Nxd2 6. Bxd2 d6 7. e4 Nd7 8.
Bc3 Nf6 9. Qe2 g6 10. f4 Bg7 11. O-O-O Bg4 12. Nf3 O-O 13. h3 Bxf3 14. Qxf3
Rae8 15. Bc4 Nd7 16. Bxg7 Kxg7 17. Qc3+ Kg8 18. a3 Qc7 19. h4 Nf6 20. Rde1 Qd7
21. e5 dxe5 22. fxe5 Nxd5 23. Qd2 Rd8 24. h5 Nb6 25. Qxd7 Rxd7 26. Bxf7+ Kg7
27. Be6 Rdd8 28. h6+ Kh8 29. Rd1 Na8 30. Rxd8 Rxd8 31. Rd1 Rxd1+ 32. Kxd1 Nc7
33. Bf7 Na6 34. Bd5 Nc7 35. Bf7 Na6 36. e6 Nb8 37. Be8 Kg8 38. Kd2 Na6 39. Bd7
Nc7 40. c4 b6 41. b4 cxb4 42. axb4 Kf8 43. c5 Kg8 44. Kd3 Kf8 45. Kc4 Kg8 46.
cxb6 axb6 47. b5 Kf8 48. Kd4 Kg8 49. Ke4 Kf8 50. Ke5 Kg8 51. g4 Kf8 52. g5 Kg8
53. Ke4 1/2-1/2

[Event "2014 US Junior Closed Championship"]
[Site "Saint Louis"]
[Date "2014.06.28"]
[Round "8.2"]
[White "Xiong, Jeffery (USA)"]
[Black "Bodek, Michael (USA)"]
[Result "0-1"]
[WhiteElo "2513"]
[BlackElo "2486"]
[PlyCount "100"]
[EventDate "2014.??.??"]

1. e4 c5 2. Nf3 d6 3. d4 cxd4 4. Nxd4 Nf6 5. Nc3 g6 6. Be3 Bg7 7. f3 O-O 8. Qd2
Nc6 9. O-O-O d5 10. Qe1 e6 11. h4 Qc7 12. h5 Nxd4 13. Bxd4 Nxh5 14. Bxg7 Qf4+
15. Kb1 Kxg7 16. exd5 Ng3 17. Ne2 Nxe2 18. Bxe2 exd5 19. Qc3+ f6 20. Rxd5 Bf5
21. Rd4 Qg3 22. Qe3 h5 23. Rhd1 Rac8 24. Bc4 Rc7 25. Qd2 Rfc8 26. Bb3 b5 27.
Rd8 Rxd8 28. Qxd8 a5 29. a4 bxa4 30. Bxa4 Qe5 31. Bb3 Rb7 32. Qg8+ Kh6 33. g4
hxg4 34. fxg4 Bxc2+ 35. Kxc2 Qe4+ 36. Kc3 Qb4+ 37. Kc2 Qe4+ 38. Kc3 Rc7+ 39.
Bc4 Qe3+ 40. Rd3 Qc1+ 41. Kb3 a4+ 42. Ka3 Qxc4 43. g5+ Kxg5 44. Rg3+ Kh4 45.
Qxg6 Rb7 46. Rg4+ Qxg4 47. Qxf6+ Kg3 48. Qd6+ Kf2 49. Qc5+ Kg2 50. Qc2+ Kg3 0-1

[Event "2014 US Junior Closed Championship"]
[Site "Saint Louis"]
[Date "2014.06.28"]
[Round "8.3"]
[White "Colas, Joshua (USA)"]
[Black "Troff, Kayden (USA)"]
[Result "0-1"]
[WhiteElo "2426"]
[BlackElo "2573"]
[PlyCount "110"]
[EventDate "2014.??.??"]

1. e4 c5 2. Nf3 d6 3. d4 cxd4 4. Nxd4 Nf6 5. Nc3 a6 6. h3 e5 7. Nb3 Be6 8. Bg5
Be7 9. Be2 Nbd7 10. O-O O-O 11. Qd2 h6 12. Be3 b5 13. a4 b4 14. Nd5 Nxe4 15.
Nxe7+ Qxe7 16. Qxb4 f5 17. f4 Ng3 18. Rfe1 Rab8 19. Qd2 Nxe2+ 20. Rxe2 Bxb3 21.
cxb3 Nf6 22. Qd3 Ne4 23. Qxa6 d5 24. Qd3 d4 25. Bf2 Kh8 26. fxe5 Nc5 27. Qc4
Nxb3 28. Rd1 Rfc8 29. Qd5 Rd8 30. Qf3 d3 31. Rxd3 Rxd3 32. Qxd3 Nc1 33. Qf3
Nxe2+ 34. Qxe2 Qb4 35. Qd3 Qe4 36. Qxe4 fxe4 37. Bd4 Rb4 38. e6 Kg8 39. e7 Kf7
40. Bxg7 Kxe7 41. Kf2 Rxa4 42. Bxh6 Ke6 43. g4 Ra1 44. Bg7 Ra7 45. Bc3 Rf7+ 46.
Kg2 e3 47. h4 Rf2+ 48. Kg1 Rf4 49. Kg2 e2 50. h5 Kf7 51. g5 Rf1 52. g6+ Kf8 53.
Bb4+ Kg8 54. h6 e1=Q 55. h7+ Kg7 0-1

[Event "2014 US Junior Closed Championship"]
[Site "Saint Louis"]
[Date "2014.06.28"]
[Round "8.4"]
[White "Larson, Matt (USA)"]
[Black "Williams, Justus (USA)"]
[Result "1-0"]
[WhiteElo "2215"]
[BlackElo "2366"]
[PlyCount "119"]
[EventDate "2014.??.??"]

1. d4 Nf6 2. c4 e6 3. g3 Bb4+ 4. Bd2 Qe7 5. Nf3 O-O 6. Bg2 Bxd2+ 7. Qxd2 d6 8.
O-O e5 9. Nc3 Nc6 10. Nd5 Qd8 11. Nxf6+ Qxf6 12. d5 Ne7 13. Rfc1 h6 14. c5 e4
15. cxd6 Qxd6 16. Nd4 Nxd5 17. Bxe4 Nf6 18. Bg2 Rd8 19. Rd1 Qb6 20. Qc3 Bg4 21.
h3 Bh5 22. Rac1 c6 23. Nf5 Bxe2 24. Nxh6+ gxh6 25. Re1 Re8 26. Qxf6 Re6 27. Qc3
Rae8 28. b3 Qa6 29. Qd2 Qa3 30. h4 Qf8 31. Bh3 Re5 32. Qf4 Qg7 33. Rc2 Bd3 34.
Rxe5 Rxe5 35. Rd2 Bg6 36. Bg2 Re8 37. Bf3 h5 38. Kh2 Qc3 39. Kg2 Qg7 40. Qg5
Re5 41. Rd8+ Kh7 42. Qd2 Qf6 43. Ra8 Bf5 44. Qc3 Bg4 45. Bxg4 hxg4 46. Rxa7 Qf5
47. Ra4 Re2 48. Rf4 Qd5+ 49. Kh2 Rxa2 50. Qf6 Qe6 51. Qg5 Qg6 52. Qe7 Kg7 53.
Qe5+ Kh7 54. Rf5 f6 55. Rxf6 Qg7 56. Qh5+ Kg8 57. Qe8+ Kh7 58. Qh5+ Kg8 59. Rg6
Rxf2+ 60. Kg1 1-0

[Event "2014 US Junior Closed Championship"]
[Site "Saint Louis"]
[Date "2014.06.28"]
[Round "8.5"]
[White "Shen, Arthur (USA)"]
[Black "Sevian, Sam (USA)"]
[Result "0-1"]
[WhiteElo "2458"]
[BlackElo "2545"]
[PlyCount "76"]
[EventDate "2014.??.??"]

1. d4 Nf6 2. c4 c5 3. d5 e6 4. Nc3 exd5 5. cxd5 d6 6. e4 g6 7. f4 Bg7 8. Bb5+
Nfd7 9. Bd3 Qh4+ 10. g3 Qe7 11. Nf3 O-O 12. O-O Na6 13. Re1 Re8 14. Bf1 Qf8 15.
Bd3 Nb6 16. Kg2 Bg4 17. h3 Bxf3+ 18. Kxf3 c4 19. Bc2 Nd7 20. Be3 Ndc5 21. Bd4
Rac8 22. Bxg7 Qxg7 23. a3 Rb8 24. Ke3 b5 25. Qd4 Qh6 26. Kf3 b4 27. Ne2 c3 28.
bxc3 b3 29. Bb1 b2 30. Ra2 Qxh3 31. Bc2 Nb3 32. Bxb3 Rxb3 33. Rb1 Nc5 34. e5
Qh5+ 35. g4 Qh3+ 36. Ng3 Na4 37. Qxa4 Rxc3+ 38. Ke4 Qg2+ 0-1

[Event "2014 US Junior Closed Championship"]
[Site "Saint Louis"]
[Date "2014.06.29"]
[Round "9.1"]
[White "Sevian, Sam (USA)"]
[Black "Ostrovskiy, Aleksandr (USA)"]
[Result "1-0"]
[WhiteElo "2545"]
[BlackElo "2521"]
[PlyCount "57"]
[EventDate "2014.??.??"]

1. e4 e6 2. d3 d5 3. Nd2 Nf6 4. Ngf3 c5 5. g3 Nc6 6. Bg2 g6 7. O-O Bg7 8. Re1
O-O 9. c3 a5 10. Qc2 b6 11. Nf1 Ba6 12. e5 Nd7 13. Bf4 a4 14. Qxa4 Qc7 15. Qd1
Ncxe5 16. Nxe5 Bxe5 17. Rxe5 Nxe5 18. d4 cxd4 19. cxd4 f6 20. dxe5 fxe5 21. Bh6
Rf7 22. Ne3 e4 23. Bf4 Rxf4 24. gxf4 Rf8 25. Qg4 Bc8 26. Qg5 Rxf4 27. Ng4 Rf8
28. Rc1 Qg7 29. Ne5 1-0

[Event "2014 US Junior Closed Championship"]
[Site "Saint Louis"]
[Date "2014.06.29"]
[Round "9.2"]
[White "Williams, Justus (USA)"]
[Black "Shen, Arthur (USA)"]
[Result "0-1"]
[WhiteElo "2366"]
[BlackElo "2458"]
[PlyCount "76"]
[EventDate "2014.??.??"]

1. d4 Nf6 2. Nf3 g6 3. g3 Bg7 4. Bg2 O-O 5. O-O d5 6. c4 dxc4 7. Na3 c3 8. bxc3
c5 9. Ne5 Nd5 10. Bb2 Nc6 11. Nac4 Be6 12. Nxc6 bxc6 13. dxc5 Nxc3 14. Qc2
Nxe2+ 15. Qxe2 Bxc4 16. Qxc4 Bxb2 17. Rab1 Bd4 18. Kh1 Qd7 19. Rbd1 e5 20. f4
Qc7 21. fxe5 Bxe5 22. Qa6 Rac8 23. Bh3 Rcd8 24. Rxd8 Rxd8 25. Bg2 Bd4 26. Qc4
Kg7 27. Rf4 Be5 28. Rf1 Rd2 29. Qa4 f6 30. Bxc6 Bxg3 31. Bg2 Bxh2 32. Qh4 Be5
33. c6 Rxa2 34. Qh3 f5 35. Qb3 Ra1 36. Rxa1 Bxa1 37. Qe6 Be5 38. Bd5 Qd6 0-1

[Event "2014 US Junior Closed Championship"]
[Site "Saint Louis"]
[Date "2014.06.29"]
[Round "9.3"]
[White "Troff, Kayden (USA)"]
[Black "Larson, Matt (USA)"]
[Result "1-0"]
[WhiteElo "2573"]
[BlackElo "2215"]
[PlyCount "49"]
[EventDate "2014.??.??"]

1. d4 d5 2. Nf3 Nf6 3. e3 Bf5 4. c4 c6 5. Nc3 e6 6. Nh4 Bg6 7. Nxg6 hxg6 8. Bd3
Nbd7 9. O-O Bd6 10. h3 Bc7 11. b3 g5 12. cxd5 Nxd5 13. Nxd5 exd5 14. e4 dxe4
15. Bxe4 Nf6 16. Re1 Qd6 17. Bxc6+ Kf8 18. Bxb7 Qh2+ 19. Kf1 Rd8 20. Bxg5 Bb6
21. Qf3 Bxd4 22. Bf4 Qh1+ 23. Ke2 Re8+ 24. Kd2 Rxe1 25. Rxe1 1-0

[Event "2014 US Junior Closed Championship"]
[Site "Saint Louis"]
[Date "2014.06.29"]
[Round "9.4"]
[White "Bodek, Michael (USA)"]
[Black "Colas, Joshua (USA)"]
[Result "0-1"]
[WhiteElo "2486"]
[BlackElo "2426"]
[PlyCount "76"]
[EventDate "2014.??.??"]

1. e4 e5 2. Nf3 Nc6 3. Bc4 Bc5 4. c3 Nf6 5. d4 exd4 6. e5 d5 7. Be2 Ne4 8. cxd4
Bb4+ 9. Bd2 Nxd2 10. Nbxd2 O-O 11. O-O Bxd2 12. Qxd2 Bg4 13. b4 Bxf3 14. Bxf3
Ne7 15. Bg4 c6 16. a4 a6 17. f4 f5 18. Be2 Qd7 19. Ra3 Rfc8 20. g3 g6 21. Rc1
Kg7 22. Rac3 Kf7 23. Kg2 Kg7 24. Qb2 b5 25. Ra3 Rcb8 26. Rca1 Qb7 27. Qc3 Nc8
28. Qc5 Nb6 29. axb5 cxb5 30. Qd6 Rc8 31. Qf6+ Kg8 32. Qe6+ Kg7 33. Qf6+ Kg8
34. Bf3 Rc2+ 35. Kh3 Rf8 36. Qe6+ Kh8 37. Rxa6 Qg7 38. Bh5 gxh5 0-1

[Event "2014 US Junior Closed Championship"]
[Site "Saint Louis"]
[Date "2014.06.29"]
[Round "9.5"]
[White "Harmon-Vellotti, Luke (USA)"]
[Black "Xiong, Jeffery (USA)"]
[Result "1/2-1/2"]
[WhiteElo "2515"]
[BlackElo "2513"]
[PlyCount "44"]
[EventDate "2014.??.??"]

1. d4 Nf6 2. c4 g6 3. Nc3 d5 4. Nf3 Bg7 5. Bg5 Ne4 6. Bh4 Nxc3 7. bxc3 dxc4 8.
Qa4+ c6 9. Qxc4 Qa5 10. e3 Be6 11. Qb4 Qxb4 12. cxb4 Nd7 13. Bd3 h6 14. O-O g5
15. Bg3 O-O 16. a3 f5 17. Rfe1 a5 18. h3 Bd5 19. Bc7 Rac8 20. Bh2 Ra8 21. Bc7
Rac8 22. Bh2 Ra8 1/2-1/2